000 00309nam a22001337a 4500
008 170814b xxu||||| |||| 00| 0 eng d
020 _a3540089616
041 _aeng
080 _a004
100 _a35
101 _aSHK
245 _aINFINITE DIMENSIONAL LINEAR SYTEMS THEORY
_cCURTAIN,R.F
942 _2udc
_cBK
999 _c23425
_d23425